| 000 | 00939nam a22001935i 4500 | ||
|---|---|---|---|
| 999 |
_c12424 _d12424 |
||
| 003 | OSt | ||
| 005 | 20240117122954.0 | ||
| 008 | 210604s2021 nyu 000 0 eng | ||
| 020 |
_a9781638409564 _q(hardcover) |
||
| 082 |
_a720.954 _bVIR |
||
| 100 | 1 |
_aVir Gupta, Pankaj, _eauthor. |
|
| 245 | 1 | 0 |
_aGolconde : _bthe introduction of modernism in India / _cPankaj Vir Gupta, Christine Mueller, Cyrus Samii. |
| 263 | _a2108 | ||
| 300 | _apages cm | ||
| 520 | _a"Golconde is an astonishing architectural accomplishment. With technical finesse and extraordinary craft, it offers a living testament to the original modernist credo - architecture as the manifest union of technology, aesthetics, and social reform. Here exists an undiluted view of a wholly triumphant tropical Modernism, built during the tumultuous years of the second world war"-- | ||
| 700 | 1 |
_aMueller, Christine, _eauthor. |
|
| 700 | 1 |
_aSamii, Cyrus, _eauthor. |
|
| 942 | _2ddc | ||